000 01542nam a2200409 a 4500
008 951121s1988||||[C 0 slo c
020 _c22 Kčs.
_q(3000 výtl.)
040 _aSNK
_bslo
_cSNK
_eAACR2
041 1 _aslo
_hfre
044 _axo
_cSK
080 _a840-1(082)
080 _a784.66
245 1 0 _aNedeľa v Orly
_bFrancúzsky šansón ; Valér Mikula, Andrea Andrée, Jozef Čertík, Daniel Hevier, Mária Hevierová, Rudolf Kapitáň, Boris Mihalkovič, Valér Mikula, Štefan Moravčík, Kamil Zbruž, Valér Mikula, Marián P. Minárik, Ladislav Vančo, Andrea Andrée, Daniel Hevier, Valér Mikula, Marián P. Minárik
250 _a1., vyd.
260 _aBratislava
_bTatran
_c1988
_eBanská Bystrica
_fTlačiarne SNP
300 _a184 s., 6,90 AH
_c15 cm
490 0 _aDarčeky
_vZv. 43.
500 _aRad: Pieseň. 4. zv. Rozlož. tit. list.
700 1 _aMikula, Valér
_4com
700 1 _aAndrée, Andrea
_4trl
700 1 _aČertík, Jozef
_4trl
700 1 _aHevier, Daniel
_d1955-
_4trl
700 1 _aHevierová, Mária
_4trl
700 1 _aKapitáň, Rudolf
_4trl
700 1 _aMihalkovič, Boris
_4trl
700 1 _aMikula, Valér
_4trl
700 1 _aMoravčík, Štefan
_d1943-
_4trl
700 1 _aZbruž, Kamil
_4trl
700 1 _aMikula, Valér
_4[ADC]
700 1 _aMinárik, Marián P.
_4[ADC]
700 1 _aVančo, Ladislav
_4bkd
700 1 _aAndrée, Andrea
_4oth
700 1 _aHevier, Daniel
_d1955-
_4oth
700 1 _aMikula, Valér
_4oth
700 1 _aMinárik, Marián P.
_4oth
958 _aA
999 _c15137
_d15137